00452pab a2200157 454500008004000000100001800040245005700058260000900115300001600124362001100140650003100151650002000182650003300202650002500235773003400260180718b2007 xxu||||| |||| 00| 0 eng d aAgarwal, Ritu aWomen farmers in China's commercial Agrarian economy c2007 ap.4261-267. a20 Oct aAgrarian structure - China aFarmers - China aWomen in agriculture - China aWomen in agriculture aEconomic and Political Weekly